[Event "First Saturday 2009 augusztus GM"]
[Site "Budapest"]
[Date "2009.08.07"]
[Round "7"]
[White "Samhouri, Ahmad"]
[Black "Payen, Arnaud"]
[Result "1-0"]
[WhiteElo "2375"]
[BlackElo "2368"]
[PlyCount "71"]
[EventDate "2009.08.01"]

1. Nf3 e6 2. g3 f5 3. Bg2 Nf6 4. c4 d5 5. d4 c6 6. Qc2 Bd6 7. O-O O-O 8. Bf4
Bxf4 9. gxf4 Qe7 10. e3 Bd7 11. Nbd2 Ne4 12. Nxe4 fxe4 13. Ne5 Be8 14. f3 exf3
15. Rxf3 Nd7 16. Rh3 Rf5 17. cxd5 Nxe5 18. dxe5 cxd5 19. Bxd5 Bg6 20. Be4 Qb4
21. Rg3 Rf7 22. Bxg6 hxg6 23. Rd1 Qa5 24. a3 Rd8 25. Rxg6 Rxd1+ 26. Qxd1 Rd7
27. Qxd7 Qe1+ 28. Kg2 Qe2+ 29. Kh3 Qh5+ 30. Kg3 Qxg6+ 31. Kf2 Qc2+ 32. Kf3 Qf5
33. Qxb7 Qh3+ 34. Ke2 Qxh2+ 35. Kd3 Qg1 36. Qc8+ 1-0

[Event "First Saturday 2009 augusztus GM"]
[Site "Budapest"]
[Date "2009.08.07"]
[Round "7"]
[White "Pap, Gyula"]
[Black "Boros, Denes"]
[Result "0-1"]
[WhiteElo "2503"]
[BlackElo "2485"]
[PlyCount "38"]
[EventDate "2009.08.01"]

1. d4 d5 2. Bf4 c5 3. e3 cxd4 4. exd4 Nc6 5. c3 Bf5 6. Qb3 Qd7 7. Nf3 e6 8. Bb5
Bd6 9. Ne5 Qc7 10. c4 dxc4 11. Qg3 O-O-O 12. Bxc6 bxc6 13. Qxg7 Ne7 14. Nc3 Ng6
15. Nxg6 hxg6 16. Be5 Rhg8 17. Qf6 c5 18. O-O-O cxd4 19. Bxd4 Be7 0-1

[Event "First Saturday 2009 augusztus GM"]
[Site "Budapest"]
[Date "2009.08.08"]
[Round "8"]
[White "Payen, Arnaud"]
[Black "Zherebukh, Yaroslav"]
[Result "1/2-1/2"]
[WhiteElo "2368"]
[BlackElo "2543"]
[PlyCount "113"]
[EventDate "2009.08.01"]

1. d4 Nf6 2. c4 e6 3. Nf3 b6 4. e3 Bb7 5. Bd3 c5 6. O-O Be7 7. Nc3 O-O 8. d5
exd5 9. cxd5 d6 10. e4 Na6 11. a3 Nc7 12. b4 Nd7 13. Rb1 Bf6 14. Bb2 a6 15. Re1
Re8 16. Bc2 Rc8 17. bxc5 Nxc5 18. Na2 Bxb2 19. Rxb2 b5 20. Nd4 Qf6 21. Re3 Na8
22. Rb1 Nb6 23. Nb4 Nc4 24. Rf3 Qg5 25. Nf5 Qd2 26. Qxd2 Nxd2 27. Nxd6 Nxb1 28.
Nxe8 Nd2 29. Rc3 Nc4 30. Rxc4 bxc4 31. Nd6 Ra8 32. Nxc4 a5 33. Nc6 Bxc6 34.
dxc6 Ra6 35. f3 Rxc6 36. Nxa5 Rd6 37. Nc4 Rd4 38. Ne3 Rd2 39. Kf1 Nd3 40. Bxd3
Rxd3 41. Kf2 Rxa3 42. g4 f6 43. h4 Kf7 44. h5 Ke6 45. Nf5 g6 46. hxg6 hxg6 47.
Nh4 g5 48. Nf5 Ke5 49. Ne3 Ra6 50. Kg3 Kd4 51. Nd5 Rd6 52. Kf2 Kd3 53. Nb4+ Kd2
54. Nd5 Re6 55. Nc7 Rc6 56. Nd5 Rd6 57. Ne3 1/2-1/2

[Event "First Saturday 2009 augusztus GM"]
[Site "Budapest"]
[Date "2009.08.08"]
[Round "8"]
[White "Seres, Lajos"]
[Black "Samhouri, Ahmad"]
[Result "1-0"]
[WhiteElo "2456"]
[BlackElo "2375"]
[PlyCount "65"]
[EventDate "2009.08.01"]

1. c4 Nf6 2. Nc3 e6 3. e4 c5 4. Nf3 d6 5. d4 cxd4 6. Nxd4 Be7 7. Be2 O-O 8. O-O
a6 9. Be3 Qc7 10. Qd2 Nbd7 11. f3 b6 12. Rfd1 Bb7 13. Rac1 Rac8 14. Bf1 Qb8 15.
Kh1 Rfd8 16. Bg1 Bf8 17. Qf2 Ne5 18. Na4 b5 19. cxb5 Rxc1 20. Rxc1 axb5 21.
Nxb5 d5 22. Qg3 Bc6 23. Bd4 Nfd7 24. Nb6 Nxb6 25. Bxe5 Qb7 26. Nd4 Rc8 27. Nxc6
Rxc6 28. Rd1 Nc4 29. exd5 exd5 30. Bxc4 dxc4 31. Rd8 Rg6 32. Bd6 Rxd6 33. Qxd6
1-0

[Event "First Saturday 2009 augusztus GM"]
[Site "Budapest"]
[Date "2009.08.08"]
[Round "8"]
[White "Varga, Zoltan"]
[Black "Rees, Ioan"]
[Result "1-0"]
[WhiteElo "2473"]
[BlackElo "2321"]
[PlyCount "153"]
[EventDate "2009.08.01"]

1. e4 c5 2. Nf3 d6 3. d4 cxd4 4. Nxd4 Nf6 5. f3 Nc6 6. c4 Qb6 7. Nc2 g6 8. Nc3
Bg7 9. Rb1 Ng4 10. Qd2 Bxc3 11. Qxc3 Qf2+ 12. Kd1 O-O 13. Bd2 Nge5 14. Qe3 Qxe3
15. Nxe3 f5 16. f4 Nd7 17. exf5 gxf5 18. g3 e5 19. Bg2 Nc5 20. Bd5+ Kg7 21. Bc3
Ne4 22. Kc2 Nd4+ 23. Bxd4 exd4 24. Nd1 Rb8 25. Kd3 b5 26. Bxe4 fxe4+ 27. Kxd4
bxc4 28. Ne3 d5 29. Rhd1 Rd8 30. b4 Be6 31. Rd2 Rd6 32. b5 a6 33. a4 c3 34. Rc2
Rdb6 35. Kc5 axb5 36. Rxb5 Rxb5+ 37. axb5 Rd8 38. Kd4 Rb8 39. Rxc3 Rxb5 40. Rc6
Rb3 41. Rxe6 Rd3+ 42. Ke5 Rxe3 43. Kxd5 Re2 44. h3 Re3 45. g4 Rxh3 46. Kxe4 Rc3
47. Re7+ Kg8 48. Kf5 Rc6 49. Kg5 Rb6 50. f5 Ra6 51. Re6 Ra1 52. Kf6 Ra8 53. Rd6
Rf8+ 54. Ke7 Rf7+ 55. Ke6 Rf8 56. f6 Re8+ 57. Kf5 Ra8 58. Rd7 Rb8 59. Ke6 Re8+
60. Re7 Rc8 61. Rg7+ Kh8 62. Rf7 Kg8 63. Re7 Rf8 64. Ra7 Re8+ 65. Kd6 Rf8 66.
Ke6 Re8+ 67. Kf5 Rb8 68. Rg7+ Kh8 69. Kg5 Rb1 70. Re7 Kg8 71. Kf5 Rb5+ 72. Re5
Rb8 73. Ra5 Rb6 74. Ra8+ Kf7 75. Ra7+ Kg8 76. Rg7+ Kh8 77. g5 1-0

[Event "First Saturday 2009 augusztus GM"]
[Site "Budapest"]
[Date "2009.08.08"]
[Round "8"]
[White "Szabo, Krisztian"]
[Black "Oleksienko, Mikhalio"]
[Result "1-0"]
[WhiteElo "2493"]
[BlackElo "2543"]
[PlyCount "107"]
[EventDate "2009.08.01"]

1. e4 c5 2. Nf3 d6 3. d4 cxd4 4. Nxd4 Nf6 5. Nc3 a6 6. Be3 e6 7. f3 b5 8. Qd2
Nbd7 9. g4 Nb6 10. O-O-O Bb7 11. Qf2 Nfd7 12. Bd3 Rc8 13. Nce2 d5 14. e5 Nxe5
15. Nxe6 fxe6 16. Bxb6 Qf6 17. g5 Nxd3+ 18. Rxd3 Qg6 19. Nf4 Qf5 20. Qe3 e5 21.
Re1 Bd6 22. c3 Qxg5 23. Nxd5 Qxe3+ 24. Nxe3 Bc5 25. Bxc5 Rxc5 26. b4 Rc7 27.
Nd5 Bxd5 28. Rxe5+ Kf7 29. Rexd5 Re8 30. Kd2 Re6 31. Rd7+ Rxd7 32. Rxd7+ Kf6
33. Kd3 Rc6 34. Rd4 Kf5 35. c4 bxc4+ 36. Rxc4 Rh6 37. h4 Rd6+ 38. Rd4 Rc6 39.
a4 Rc1 40. b5 axb5 41. axb5 Ke5 42. Rb4 Rd1+ 43. Ke3 Rd7 44. b6 Rb7 45. Rb5+
Kd6 46. Kd4 Kc6 47. Kc4 h5 48. f4 Kd6 49. Rb1 Kc6 50. Rb2 Rxb6 51. Rxb6+ Kxb6
52. Kd5 Kc7 53. Ke6 Kc6 54. f5 1-0

[Event "First Saturday 2009 augusztus GM"]
[Site "Budapest"]
[Date "2009.08.09"]
[Round "9"]
[White "Rees, Ioan"]
[Black "Rapport, Richard"]
[Result "1-0"]
[WhiteElo "2321"]
[BlackElo "2401"]
[PlyCount "57"]
[EventDate "2009.08.01"]

1. e4 c6 2. d4 d5 3. e5 Bf5 4. h4 h5 5. Bg5 Qb6 6. Bd3 Bxd3 7. Qxd3 e6 8. Nd2
Nh6 9. Ngf3 Qb5 10. c4 dxc4 11. Nxc4 Bb4+ 12. Ke2 Nf5 13. a3 Be7 14. a4 Qd5 15.
Bxe7 Kxe7 16. Ne3 Nxe3 17. fxe3 Na6 18. Rhf1 Nb4 19. Qc3 a5 20. Ng5 Qxg2+ 21.
Rf2 Qg4+ 22. Kd2 b6 23. Rxf7+ Ke8 24. Raf1 Rd8 25. R7f4 Qg2+ 26. R1f2 Qd5 27.
Nf7 Rf8 28. Nd6+ Kd7 29. Rf7+ 1-0

[Event "First Saturday 2009 augusztus GM"]
[Site "Budapest"]
[Date "2009.08.09"]
[Round "9"]
[White "Samhouri, Ahmad"]
[Black "Varga, Zoltan"]
[Result "1/2-1/2"]
[WhiteElo "2375"]
[BlackElo "2473"]
[PlyCount "21"]
[EventDate "2009.08.01"]

1. e4 c5 2. Nc3 g6 3. Nf3 Bg7 4. g3 Nc6 5. Bg2 b6 6. O-O Bb7 7. d3 e6 8. Re1
Nge7 9. Nb5 O-O 10. Nd6 Rb8 11. Nxb7 1/2-1/2

[Event "First Saturday 2009 augusztus GM"]
[Site "Budapest"]
[Date "2009.08.09"]
[Round "9"]
[White "Pap, Gyula"]
[Black "Payen, Arnaud"]
[Result "1-0"]
[WhiteElo "2503"]
[BlackElo "2368"]
[PlyCount "75"]
[EventDate "2009.08.01"]

1. Nf3 e6 2. g3 f5 3. Bg2 Nf6 4. O-O d5 5. c4 Bd6 6. Nc3 O-O 7. d3 dxc4 8. dxc4
Nc6 9. Nb5 e5 10. Nxd6 Qxd6 11. Qxd6 cxd6 12. Rd1 Rd8 13. b3 a5 14. Ba3 Ne4 15.
Rac1 Be6 16. Nd2 d5 17. cxd5 Bxd5 18. Nc4 Bxc4 19. bxc4 Nb4 20. Rxd8+ Rxd8 21.
Bxb4 axb4 22. Bxe4 fxe4 23. Rb1 Rd2 24. e3 Rxa2 25. Rxb4 Rc2 26. g4 b6 27. Rxb6
Rxc4 28. Rb5 Kf7 29. Rxe5 h6 30. Rf5+ Ke6 31. h4 Rc8 32. h5 Rg8 33. Kg2 g6 34.
hxg6 Rxg6 35. Kg3 Kd6 36. Kf4 Re6 37. Ra5 Re7 38. Ra6+ 1-0

[Event "First Saturday 2009 augusztus GM"]
[Site "Budapest"]
[Date "2009.08.09"]
[Round "9"]
[White "Boros, Denes"]
[Black "Tzermiadianos, Andreas"]
[Result "0-1"]
[WhiteElo "2485"]
[BlackElo "2447"]
[PlyCount "66"]
[EventDate "2009.08.01"]

1. c4 e5 2. Nc3 Nc6 3. Nf3 Nf6 4. g3 d5 5. cxd5 Nxd5 6. Bg2 Nb6 7. O-O Be7 8.
Rb1 g5 9. d3 h5 10. Be3 f5 11. b4 g4 12. Nd2 Be6 13. Bc5 h4 14. Nb3 hxg3 15.
hxg3 Nxb4 16. d4 e4 17. Na5 N4d5 18. Nxb7 Qd7 19. Qc2 Bg5 20. Nxe4 Qh7 21. Rfd1
fxe4 22. Qxe4 Qxe4 23. Bxe4 Kf7 24. Rd3 Rhe8 25. f4 gxf3 26. exf3 Bf6 27. Na5
Rg8 28. Kf2 Rh8 29. f4 Rh2+ 30. Kf3 Bh3 31. Rg1 Rg8 32. g4 Bh4 33. Rg3 Bxg3 0-1

[Event "First Saturday 2009 augusztus GM"]
[Site "Budapest"]
[Date "2009.08.10"]
[Round "10"]
[White "Seres, Lajos"]
[Black "Pap, Gyula"]
[Result "1-0"]
[WhiteElo "2456"]
[BlackElo "2503"]
[PlyCount "133"]
[EventDate "2009.08.01"]

1. d4 d5 2. c4 c6 3. cxd5 cxd5 4. Nf3 Nc6 5. Nc3 Nf6 6. Bf4 Nh5 7. Bd2 e6 8.
Rc1 Bd6 9. e3 Nf6 10. Bd3 O-O 11. O-O e5 12. dxe5 Nxe5 13. Nxe5 Bxe5 14. h3 Re8
15. Qf3 Bb8 16. Bf5 Qd6 17. g3 Bxf5 18. Qxf5 a6 19. Rfd1 Ba7 20. Be1 Re5 21.
Qf3 Qe6 22. Qg2 Re8 23. Ne2 Ne4 24. Nf4 Qd7 25. Kh2 Bb8 26. Rd4 Rf5 27. Nxd5
Rxd5 28. Rxe4 Rxe4 29. Qxe4 h5 30. Bc3 Ba7 31. Rg1 Qd6 32. Kh1 Qc6 33. g4 hxg4
34. Rxg4 Rd1+ 35. Kg2 Qxe4+ 36. Rxe4 Bc5 37. Re8+ Kh7 38. Rc8 Bb6 39. Kf3 Kg6
40. Rg8 f6 41. Rb8 Rd7 42. Ke4 Re7+ 43. Kd5 Kf5 44. e4+ Kg5 45. f3 Kf4 46. e5
fxe5 47. Rf8+ Kg3 48. Bxe5+ Kxh3 49. Rg8 Bc7 50. Bxg7 Rf7 51. Ke4 Rf4+ 52. Ke3
Rf7 53. Bd4 Bg3 54. Rg7 Rf5 55. Rxb7 Kg2 56. Ke4 Rxf3 57. Rg7 Rf4+ 58. Kd5 Rf5+
59. Kc4 Kf3 60. Ra7 Ra5 61. Rf7+ Ke2 62. Re7+ Kd1 63. Bc3 Rxa2 64. Kd3 Ra4 65.
Rg7 Bh2 66. Rh7 Bg1 67. Rf7 1-0

[Event "First Saturday 2009 augusztus GM"]
[Site "Budapest"]
[Date "2009.08.10"]
[Round "10"]
[White "Varga, Zoltan"]
[Black "Zherebukh, Yaroslav"]
[Result "1-0"]
[WhiteElo "2473"]
[BlackElo "2543"]
[PlyCount "123"]
[EventDate "2009.08.01"]

1. e4 e5 2. Nf3 Nc6 3. Nc3 Nf6 4. Bb5 Nd4 5. Bc4 c6 6. O-O Nxf3+ 7. Qxf3 d6 8.
d3 Be7 9. Qg3 O-O 10. Bh6 Ne8 11. Be3 Bh4 12. Qf3 Kh8 13. d4 b5 14. Be2 b4 15.
Na4 exd4 16. Bxd4 c5 17. e5 Rb8 18. Be3 Bb7 19. Qh3 Bc8 20. Bg4 f5 21. exf6
Bxf6 22. Rad1 Bxg4 23. Qxg4 Qc8 24. h3 Qc6 25. b3 Nc7 26. Rd3 Nb5 27. Rfd1 Rbe8
28. R3d2 Be5 29. Qc4 Na3 30. Qd3 Re6 31. Qd5 Qc8 32. Kh1 Nb5 33. Qc4 Nc7 34. c3
Rg6 35. cxb4 Rf3 36. Qh4 Qa8 37. Rg1 Ne6 38. bxc5 Nf4 39. Bxf4 Rxf4 40. Qe7 Rf3
41. Qd7 h5 42. c6 Qf8 43. c7 Qf4 44. Qe8+ Kh7 45. Qxe5 dxe5 46. c8=Q Qxd2 47.
gxf3 Qxf2 48. Rxg6 Kxg6 49. Qe6+ Kh7 50. Qf5+ g6 51. Qd3 h4 52. Qd7+ Kh6 53.
Qg4 Qe1+ 54. Qg1 Qe2 55. Qg2 Qe3 56. Qf1 g5 57. Nb2 e4 58. Nc4 Qf4 59. Qf2 Qf5
60. Kg2 exf3+ 61. Qxf3 Qc2+ 62. Qf2 1-0

[Event "First Saturday 2009 augusztus GM"]
[Site "Budapest"]
[Date "2009.08.10"]
[Round "10"]
[White "Rapport, Richard"]
[Black "Samhouri, Ahmad"]
[Result "1-0"]
[WhiteElo "2401"]
[BlackElo "2375"]
[PlyCount "87"]
[EventDate "2009.08.01"]

1. Nf3 c5 2. c4 Nf6 3. Nc3 Nc6 4. g3 d5 5. d4 cxd4 6. Nxd4 dxc4 7. Nxc6 Qxd1+
8. Nxd1 bxc6 9. Ne3 e6 10. Bg2 Nd5 11. Nxc4 Ba6 12. b3 Bb4+ 13. Bd2 Bxd2+ 14.
Nxd2 Rc8 15. Ne4 Rc7 16. Nc5 Bc8 17. O-O-O Nb4 18. Kb2 Ke7 19. Rd4 Na6 20. Rc1
Rd8 21. Rxd8 Kxd8 22. f4 Ke7 23. e4 Nxc5 24. Rxc5 Bb7 25. e5 Rd7 26. Kc2 Kd8
27. b4 Kc7 28. Bf3 Kb6 29. a4 a6 30. a5+ Kc7 31. Kc3 Rd8 32. Rc4 Rd7 33. Be2
Rd8 34. Rd4 Rh8 35. Kc4 f6 36. Rd6 fxe5 37. fxe5 Bc8 38. Kc5 Bd7 39. Bxa6 Rf8
40. Bd3 Rf2 41. a6 Rxh2 42. a7 Ra2 43. Rxd7+ Kxd7 44. Kb6 1-0

[Event "First Saturday 2009 augusztus GM"]
[Site "Budapest"]
[Date "2009.08.10"]
[Round "10"]
[White "Oleksienko, Mikhalio"]
[Black "Shen, Sivuan"]
[Result "1-0"]
[WhiteElo "2543"]
[BlackElo "2321"]
[PlyCount "59"]
[EventDate "2009.08.01"]

1. e4 c5 2. Nf3 Nc6 3. d4 cxd4 4. Nxd4 Nf6 5. Nc3 e5 6. Nf5 d5 7. exd5 Bxf5 8.
dxc6 bxc6 9. Qf3 Qd7 10. Bg5 Nd5 11. Nxd5 cxd5 12. Qb3 a6 13. O-O-O Be6 14. f4
f6 15. Bh4 exf4 16. Be2 Bd6 17. Bh5+ g6 18. Rhe1 O-O 19. Rxe6 Qxe6 20. Bf3 Kg7
21. Bxd5 Qe3+ 22. Qxe3 fxe3 23. Bxa8 Bxh2 24. Rd7+ Kh6 25. Bf3 g5 26. Be1 f5
27. g4 fxg4 28. Be4 Rh8 29. Bc3 e2 30. Kd2 1-0

[Event "First Saturday 2009 augusztus GM"]
[Site "Budapest"]
[Date "2009.08.11"]
[Round "11"]
[White "Rees, Ioan"]
[Black "Oleksienko, Mikhalio"]
[Result "1/2-1/2"]
[WhiteElo "2321"]
[BlackElo "2543"]
[PlyCount "103"]
[EventDate "2009.08.01"]

1. e4 c5 2. Nf3 d6 3. d4 cxd4 4. Nxd4 Nf6 5. Nc3 a6 6. Bc4 e6 7. Bb3 b5 8. Bg5
h6 9. Bxf6 Qxf6 10. O-O g5 11. f4 gxf4 12. Nde2 Nc6 13. Rxf4 Qg5 14. Qf1 Ra7
15. Rd1 Bg7 16. Rf3 Ne5 17. Rg3 Ng4 18. e5 Bxe5 19. Ne4 Bxg3 20. N2xg3 Qe3+ 21.
Kh1 d5 22. Rd3 Qb6 23. Nf6+ Nxf6 24. Qxf6 Rg8 25. Nf5 Qd8 26. Ng7+ Rxg7 27.
Qxg7 Qg5 28. Qd4 Rc7 29. h4 Qe7 30. Rg3 Kd7 31. Rg7 Kc6 32. Qf4 h5 33. Rg5 f5
34. Rxh5 Qd6 35. Qg5 Qe5 36. c3 Rg7 37. Qd2 Qg3 38. Rh6 Kc7 39. Kg1 f4 40. Rh5
Bb7 41. Qf2 Qg4 42. Rg5 Rxg5 43. hxg5 Qxg5 44. a4 Qg3 45. Qc5+ Kd7 46. axb5
Qe3+ 47. Qxe3 fxe3 48. Kf1 e5 49. Ke2 d4 50. cxd4 exd4 51. Bc4 Bxg2 52. bxa6
1/2-1/2

[Event "First Saturday 2009 augusztus GM"]
[Site "Budapest"]
[Date "2009.08.11"]
[Round "11"]
[White "Samhouri, Ahmad"]
[Black "Szabo, Krisztian"]
[Result "1/2-1/2"]
[WhiteElo "2375"]
[BlackElo "2493"]
[PlyCount "111"]
[EventDate "2009.08.01"]

1. e4 e5 2. Nf3 Nc6 3. Bb5 a6 4. Ba4 Nf6 5. d3 d6 6. c3 g6 7. O-O Bg7 8. d4 O-O
9. dxe5 Nxe5 10. Nxe5 dxe5 11. Qxd8 Rxd8 12. f3 b5 13. Bc2 Bb7 14. Be3 Nd7 15.
Nd2 Nb6 16. b3 Bf8 17. Rfd1 a5 18. Nf1 f6 19. Rxd8 Rxd8 20. Rd1 Rxd1 21. Bxd1
Kf7 22. Be2 Bc6 23. Bd3 Ke6 24. Ng3 Nd7 25. Kf2 Nc5 26. Bc2 b4 27. c4 Nb7 28.
Ke2 Bc5 29. Bxc5 Nxc5 30. Ke3 Kd6 31. Ne2 Bd7 32. Ng3 Be6 33. Ne2 Bc8 34. g3
Be6 35. Nc1 Bd7 36. Ne2 a4 37. Nc1 a3 38. Nd3 Nxd3 39. Bxd3 Kc5 40. g4 Kd6 41.
h4 h6 42. Bc2 Be6 43. Bd3 Kc5 44. Be2 Bg8 45. Bd3 Bf7 46. Be2 h5 47. gxh5 gxh5
48. Bd3 Be6 49. Be2 Bf7 50. Bd3 Bg6 51. Be2 Kd6 52. f4 exf4+ 53. Kxf4 Kc5 54.
Ke3 Bf7 55. Bd1 Bg6 56. Bc2 1/2-1/2

[Event "First Saturday 2009 augusztus GM"]
[Site "Budapest"]
[Date "2009.08.11"]
[Round "11"]
[White "Zherebukh, Yaroslav"]
[Black "Rapport, Richard"]
[Result "1-0"]
[WhiteElo "2543"]
[BlackElo "2401"]
[PlyCount "77"]
[EventDate "2009.08.01"]

1. d4 d5 2. c4 c6 3. Nc3 Nf6 4. Nf3 dxc4 5. a4 e6 6. e4 Bb4 7. e5 Nd5 8. Bd2 b5
9. axb5 Bxc3 10. bxc3 cxb5 11. Ng5 O-O 12. Qb1 g6 13. Qxb5 Nxc3 14. Qxc4 Nd5
15. Be2 Qb6 16. O-O Ba6 17. Rxa6 Nxa6 18. Qxa6 Qxd4 19. Nf3 Qb2 20. Bc4 Rfd8
21. Bg5 Rd7 22. Re1 Nb6 23. Bb5 Rc7 24. Bf1 Rc2 25. Qd3 a5 26. Be3 Rac8 27. Nd4
R2c3 28. Qb5 Qb4 29. Qxb4 axb4 30. Nb5 Rxe3 31. Rxe3 Rc1 32. Nd6 Rb1 33. g3 b3
34. Kg2 Nd5 35. Rf3 b2 36. Rb3 Nc3 37. Bd3 Rd1 38. Rxc3 Rxd3 39. Rc8+ 1-0

[Event "First Saturday 2009 augusztus GM"]
[Site "Budapest"]
[Date "2009.08.11"]
[Round "11"]
[White "Pap, Gyula"]
[Black "Varga, Zoltan"]
[Result "0-1"]
[WhiteElo "2503"]
[BlackElo "2473"]
[PlyCount "62"]
[EventDate "2009.08.01"]

1. Nf3 c5 2. c4 Nc6 3. Nc3 g6 4. e3 Bg7 5. d4 d6 6. d5 Bxc3+ 7. bxc3 Na5 8. e4
e5 9. Nd2 b6 10. Nb3 Nb7 11. f4 exf4 12. Bxf4 Nf6 13. Qf3 Ng4 14. Be2 Qe7 15.
O-O h5 16. a4 a5 17. Nd4 cxd4 18. cxd4 f5 19. h3 Nf6 20. e5 dxe5 21. dxe5 Ne4
22. Qb3 Qb4 23. Qd3 Nbc5 24. Qe3 Qc3 25. Rab1 Qxe3+ 26. Bxe3 Nc3 27. Rxb6 Nxe2+
28. Kf2 Nc3 29. Bxc5 Ne4+ 30. Ke3 Nxc5 31. Kd4 Ne6+ 0-1

[Event "First Saturday 2009 augusztus GM"]
[Site "Budapest"]
[Date "2009.08.11"]
[Round "11"]
[White "Boros, Denes"]
[Black "Seres, Lajos"]
[Result "1/2-1/2"]
[WhiteElo "2485"]
[BlackElo "2456"]
[PlyCount "33"]
[EventDate "2009.08.01"]

1. e4 c5 2. Nf3 e6 3. d4 cxd4 4. Nxd4 a6 5. Bd3 Bc5 6. Nb3 Ba7 7. Qf3 d6 8. O-O
Ne7 9. Qg3 O-O 10. Kh1 Nbc6 11. Bg5 Kh8 12. Nc3 Qc7 13. Rad1 b5 14. Be2 b4 15.
Nb1 e5 16. Qd3 Rd8 17. c3 1/2-1/2

[Event "First Saturday 2009 augusztus GM"]
[Site "Budapest"]
[Date "2009.08.12"]
[Round "12"]
[White "Varga, Zoltan"]
[Black "Boros, Denes"]
[Result "1/2-1/2"]
[WhiteElo "2473"]
[BlackElo "2485"]
[PlyCount "35"]
[EventDate "2009.08.01"]

1. c4 c5 2. Nf3 Nf6 3. g3 Nc6 4. Bg2 d5 5. cxd5 Nxd5 6. Nc3 Nc7 7. Qa4 Bd7 8.
Qe4 g6 9. Ne5 Bg7 10. Nxd7 Qxd7 11. O-O Rb8 12. a3 O-O 13. Rb1 a5 14. Qc4 b6
15. d3 Nd4 16. e3 Nf5 17. Rd1 Rfd8 18. Ne4 1/2-1/2